| 000 | 01194cam a22003617a 4500 | ||
|---|---|---|---|
| 003 | CHAP | ||
| 005 | 20220329142613.0 | ||
| 008 | 010926d2000 mx r 00110 spa d | ||
| 010 | _a85576 | ||
| 011 | _a86548 | ||
| 020 | _a0716731010 | ||
| 035 | _a97087 | ||
| 040 | _cCHAP | ||
| 082 | 0 | 4 |
_a551 _bD8 |
| 100 | 0 | 0 |
_aDunning, Jeremy. _934510 |
| 245 | 1 | 0 |
_aPrint companion for earth matters environmental geology CD-ROM _c/by Jeremy Dunning and Larry Onesti |
| 260 |
_aNew York : _bW.H. Freeman, _c1998. |
||
| 300 |
_a119 p. _b+ 1 disco compacto 5 1/4 plgs. |
||
| 590 |
_aBATCH-UPD _b10 _c20130110 _lUCH01 _h1444 |
||
| 590 |
_aBATCH-UPD _b10 _c20130409 _lUCH01 _h2351 |
||
| 590 |
_aBATCH-UPD _b10 _c20130914 _lUCH01 _h1223 |
||
| 590 |
_aBATCH-UPD _b10 _c20191105 _lUCH01 _h1025 |
||
| 590 |
_aCONVERSION _b10 _c20130109 _lUCH01 _h1348 |
||
| 650 | 1 | 4 |
_aGeologĂa. _947604 |
| 650 | 1 | 4 |
_aMedio ambiente. _974065 |
| 650 | 1 | 4 |
_aTierra. _9113060 |
| 700 | 0 | 0 |
_aOnesti, Larry. _983309 |
| 901 | _aBK | ||
| 905 | _aAlejandra Carrasco M. | ||
| 942 | _cCD | ||
| 949 |
_a551 D8 _bBC _cCD _d33724002027413 _eCD _fCD _i97087 _sb |
||
| 949 |
_a551 D8 _bBC _cLIBRO _d33724000863676 _eLIBRO _h102356 _i97087 _kI.c/e _sb _t$ 454.00 |
||
| 999 |
_c85576 _d85576 |
||